000 00597nam a2200193 i 4500
001 36974
003 ES-MaACL
005 20251013202422.0
007 t|
008 030219s1913 fr ||||1| fre d
100 1 _aBrunetière, Ferdinand.
_932173
245 1 0 _aBossuet /
_cFerdinand Brunetière ; preface de Victor Giraud.
260 _a[S.l. :
_bs.n.,
_c1913] (
_eCouloummiers :
_fPaul Brodard)
300 _aXXVIII, 284 p. ;
_c19 cm.
600 1 4 _aBossuet, Jacques Bénigne,
_d1627-1704
_930723
700 1 _aGiraud, Victor.
_957245
852 _aES-MaACL
_jF-9080
999 _c36974
_d36974